Dinge die mit P anfangen (Kenshin Edition) - Statistiken

Allgemein
  • Dieses Quiz wurde 263 mal gespielt
    215 seit der letzten Aktualisierung
  • Das Durchschnittsergebnis liegt bei 14 aus 16
Antwortstatistiken
Bildquiz Antwort % Korrekt
Panda
100%
Pinguin
100%
Papagei
99%
Paprika
99%
Paris
99%
Pommes
98%
Pancake/Pfannkuchen
97%
Panzer
97%
Polen
96%
Portugal
96%
Porsche
93%
Pikachu/Pokémon
89%
Peru
80%
Potsdam
72%
Pennsylvania
71%
Palau
62%
Keine übereinstimmenden Quizze gefunden
Verteilung der Resultate
Anzahl Personen mit jedem Resultat
Perzentil nach korrekt beantworteten Fragen
Ihre Resultats-Entwicklung
Sie haben dieses Quiz seit der letzten Aktualisierung nicht gespielt